| 000 | 01043nam a2200121Ia 4500 | ||
|---|---|---|---|
| 008 | 220620s9999||||xx |||||||||||||| ||und|| | ||
| 100 | _aKirchhelle, Claas | ||
| 245 | 0 |
_aBearing Witness _bRuth Harrison and British Farm Animal Welfare (1920–2000) |
|
| 546 | _aEnglish[eng] | ||
| 650 | _aHistory of Science||Animal Welfare/Animal Ethics||History of Medicine||History of Britain and Ireland||Social History||Animal Ethics||Animal Machines||UK government||Brambell Committee||Campaign||Factory farms||Veterinary science||Animal psychology||Animal emotions||Farming standards||Agricultural legislation||Farm Animal Care Trust (FACT)||Animal welfare post-Brexit||Political debate||Environmentalism||Open Access||Veterinary medicine||Bioethics||European history||Social & cultural history | ||
| 856 | _uhttps://library.oapen.org/bitstream/20.500.12657/48728/1/9783030627928.pdf||https://library.oapen.org/bitstream/20.500.12657/48728/1/9783030627928.pdf||https://library.oapen.org/bitstream/20.500.12657/48728/1/9783030627928.pdf | ||
| 942 | _cEB | ||
| 999 |
_c31487 _d31487 |
||